Female Marvel Heroes by Picture #2 - Statistics

General Stats
  • This quiz has been taken 33 times
  • The average score is 12 of 16
Answer Stats
Picture Answer % Correct
Hawkeye
90%
Elektra
87%
Jessica Jones
87%
Thor
87%
Squirrel Girl
84%
Echo
81%
Ironheart
81%
Medusa
81%
X-23
81%
America Chavez
77%
Jubilee
71%
Sif
68%
Tigra
68%
Misty Knight
61%
Crystal
52%
Songbird
45%
No matching quizzes found
Score Distribution
Percent of People with Each Score
Percentile by Number Answered
Your Score History
You have not taken this quiz